Paola Tabet, La Construction sociale de l’inégalité des sexes., Des outils et des corps,, ParisMontréal, L’Harmattan, 1998, 206 p., (« Bibliothèque du féminisme ») (notice n° 1643019)
[ vue normale ]
| 000 -LEADER | |
|---|---|
| fixed length control field | 01645cam a2200169 4500500 |
| 005 - DATE AND TIME OF LATEST TRANSACTION | |
| control field | 20260201150608.0 |
| 041 ## - LANGUAGE CODE | |
| Language code of text/sound track or separate title | fre |
| 042 ## - AUTHENTICATION CODE | |
| Authentication code | dc |
| 100 10 - MAIN ENTRY--PERSONAL NAME | |
| Personal name | Kaplanian, Patrick |
| Relator term | author |
| 245 00 - TITLE STATEMENT | |
| Title | Paola Tabet, La Construction sociale de l’inégalité des sexes., Des outils et des corps,, ParisMontréal, L’Harmattan, 1998, 206 p., (« Bibliothèque du féminisme ») |
| 260 ## - PUBLICATION, DISTRIBUTION, ETC. | |
| Date of publication, distribution, etc. | 2001.<br/> |
| 500 ## - GENERAL NOTE | |
| General note | 98 |
| 520 ## - SUMMARY, ETC. | |
| Summary, etc. | Nous connaissons les odalisques et les baigneuses d’Ingres, exposées pour la plupart au musée du Louvre, mais nous ignorons généralement qu’il les a peintes après lecture de la correspondance de Lady Montagu. Épouse de l’ambassadeur britannique en Turquie de 1716 à 1718, elle parlait le turc couramment, ce qui lui a permis d’entrer dans tous les harems de la ville. Dans ses lettres publiées ultérieurement, elle décrit la culture et les habitudes de ces femmes, que l’on retrouve dans certaines toiles du maître. |
| 520 ## - SUMMARY, ETC. | |
| Summary, etc. | We all know the odalisques and bathers by Ingres, most of which are exhibited in the Louvre Museum, but what we aren’t aware of is that he painted them after reading Lady Montagu’s correspondence. Wife of the British ambassador to Turkey from 1716 to 1718, she learned to speak fluent Turkish, thus gaining entry in all the harems of the city. In her later published letters, she describes these women’s culture and habits, which were rendered in some of the master’s canvases. |
| 786 0# - DATA SOURCE ENTRY | |
| Note | L'Homme | 158-159 | 2 | 2001-09-01 | p. 383n-488n | 0439-4216 |
| 856 41 - ELECTRONIC LOCATION AND ACCESS | |
| Uniform Resource Identifier | <a href="https://shs.cairn.info/revue-l-homme-2001-2-page-383n?lang=fr&redirect-ssocas=7080">https://shs.cairn.info/revue-l-homme-2001-2-page-383n?lang=fr&redirect-ssocas=7080</a> |
Pas d'exemplaire disponible.




Réseaux sociaux